Henry V /

Bibliographic Details
Main Author: Barber, Charles Laurence
Format: Book
Language:English
Published: Essex, England : Beirut : Longman ; York Press, 1980.
Series:York notes.
Longman literature guides.
Subjects:

MARC

Tag First Indicator Second Indicator Subfields
LEADER 00000cam a2200000 a 4500
001 in00001110821
005 20150930060822.0
008 930922s1980 enka b 000 0 eng d
020 |a 0582781353 (pbk.) 
035 |a (OCoLC)28872697 
035 |9 AFU6441AM 
040 |a TXA  |c TXA  |d UtOrBLW 
049 |a TXAM 
090 |a PR2812  |b B37 1980 
100 1 |a Barber, Charles Laurence. 
245 1 0 |a Henry V /  |c William Shakespeare ; notes by Charles Barber. 
246 1 4 |a York notes on Henry V 
264 1 |a Essex, England :  |b Longman ;  |a Beirut :  |b York Press,  |c 1980. 
300 |a 80 pages :  |b illustrations ;  |c 21 cm. 
336 |a text  |b txt  |2 rdacontent 
337 |a unmediated  |b n  |2 rdamedia 
338 |a volume  |b nc  |2 rdacarrier 
490 1 |a York notes 
490 1 |a Longman literature guides 
504 |a Includes bibliographical references (pages [74]-76). 
600 1 0 |a Shakespeare, William,  |d 1564-1616.  |t Henry V. 
600 1 0 |a Shakespeare, William,  |d 1564-1616  |x Criticism and interpretation. 
830 0 |a York notes. 
830 0 |a Longman literature guides. 
999 |a MARS 
999 f f |s e93905b6-ef93-31aa-a882-cfe70c604682  |i 448b6863-760c-300d-8767-f79f9435f393  |t 0 
952 f f |p normal  |a Texas A&M University  |b College Station  |c Sterling C. Evans Library  |d Evans: Library Stacks  |t 0  |e PR2812 .B37 1980  |h Library of Congress classification  |i unmediated -- volume  |m A14817574928 
998 f f |a PR2812 .B37 1980  |t 0  |l Evans: Library Stacks